000 00494nam a22001817a 4500
005 20251108165420.0
008 250721s1994 xx 000 0 ara d
082 1 4 _aم/929.7565/ألب
100 1 _aأبو زيد، مصطفى
_eمعد
245 1 0 _aالألبوم الهاشمي /
264 1 _aعمان :
_c1994.
300 _a444ص : مص.
650 1 7 _aالهاشميون
650 1 7 _aالتراجم
650 1 7 _aالملوك و الحكام
942 _2ddc
_cREF
999 _c27365
_d27365